Vida de San Estanislao / [por] Noj, S.J. ; ilus. con dibujos de L. Moltó

Guardado en:
Bibliografiske detaljer
Hovedforfatter: Noj, S.J (autor)
Format: Bog
Fag:
Tags: Tilføj Tag
Ingen Tags, Vær først til at tagge denne postø!

MARC

LEADER 00000nam^a2200000^u^4500
001 000545052
005 20250521000000.0
008 060220s1000^^^^^^^^^^^^r^^^^^000^0^spa^d
009 20260310131341.351
035 |a FMI 000014407 
037 |a Acervo Xavier Clavigero 
096 |a 3.6.1/158/B 
100 |a Noj, S.J.  |e (autor) 
245 1 0 |a Vida de San Estanislao / [por] Noj, S.J. ; ilus. con dibujos de L. Moltó 
264 |a Bilbao : Mensajero, 1927 
300 |a 60 p. : il. 
336 |a texto  |b txt  |2 rdacontenido 
337 |a sin mediación  |b n  |2 rdamedio 
338 |a volumen  |b nc  |2 rdasoporte 
649 |a XX 
650 |a VIDAS DE SANTOS 
910 |a Fondo Francisco Migoya Covarrubias S.J. 
920 |a Impresos - Libros 
930 |a Fondos Especiales 
905 |a 134 
901 |a SBC06363  |b IT2  |c ESP  |u 20250521 
902 |a https://opac.biblio.iteso.mx/vufind/Record/000545052